00404nam a2200121Ia 4500008004100000041000800041082000800049100008400057245007800141260004900219300000800268440000600276221007s9999 xx 000 0 und d aeng bNEH aNeha Rajadnya - 2k161108; Prof.Archana Tatkar - Guide & Nityo Infotech Pvt Ltd. 3aAn Analysis Of Motivational Factors Of Contractual Employees At Workplace c2016bSavitribai Phule Pune UniversityaPune a56p v1